Normal view
MARC view
- COOK,W.CURTIS
Entry Personal Name
001 - CONTROL NUMBER
- control field: 134188
003 - CONTROL NUMBER IDENTIFIER
- control field: NUST
005 - DATE AND TIME OF LATEST TRANSACTION
- control field: 20260417103620.0
008 - FIXED-LENGTH DATA ELEMENTS
- fixed length control field: 260417|| aca||aabn | a|a d
040 ## - CATALOGING SOURCE
- Original cataloging agency: NUST
- Transcribing agency: NUST
100 ## - HEADING--PERSONAL NAME
- Personal name: COOK,W.CURTIS
670 ## - SOURCE DATA FOUND
- Source citation: Work cat.: (NUST): COOK,W.CURTIS., MANAGEMENT AND ORGANIZATIONAL BEHAVIOR /, 1997.
